[Event "Cappelle Online Blitz op"]
[Site "Europe Echecs INT"]
[Date "2021.03.07"]
[Round "10"]
[White "Savic, Natasa"]
[Black "Delfosse, Jean Michel"]
[Result "0-1"]
[WhiteElo "1394"]
[BlackElo "1727"]
[PlyCount "67"]
[EventDate "2021.03.07"]
[EventType "swiss (blitz)"]
[EventRounds "11"]
[EventCountry "FRA"]
[SourceTitle "CBM 201 Extra"]
[Source "ChessBase"]
[SourceDate "2021.05.31"]
[SourceVersion "1"]
[SourceVersionDate "2021.05.31"]
[SourceQuality "1"]

1. e4 c5 2. c3 g6 3. d4 cxd4 4. cxd4 d5 5. e5 Bg7 6. Bb5+ Bd7 7. Bxd7+ Qxd7 8. Nc3 Nh6 9. Nf3 0-0 10. 0-0 e6 11. Bg5 Nc6 12. Qd2 Nf5 13. g4 Nfe7 14. Bh6 a6 15. Bxg7 Kxg7 16. h4 Rac8 17. Kh2 Na5 18. b3 Nac6 19. h5 f6 20. Rg1 g5 21. exf6+ Rxf6 22. Ne5 Nxe5 23. Qxg5+ Kf7 24. dxe5 Rxf2+ 25. Kg3 Rc2 26. Nd1 Qb5 27. Qf6+ Ke8 28. Qxe6 Qd3+ 29. Kh4 R8c6 30. Qxc6+ Nxc6 31. Rg3 Rh2+ 32. Kg5 Qxg3 33. Nb2 Qxe5+ 34. Kh6 0-1

[Event "Cappelle Online Blitz op 1st"]
[Site "Europe Echecs INT"]
[Date "2021.01.10"]
[Round "3"]
[White "Delfosse, Jean Michel"]
[Black "Roebers, Eline"]
[Result "0-1"]
[WhiteElo "1727"]
[BlackElo "2066"]
[PlyCount "82"]
[EventDate "2021.01.10"]
[EventType "swiss (blitz)"]
[EventRounds "11"]
[EventCountry "FRA"]
[SourceTitle "CBM 200 Extra"]
[Source "ChessBase"]
[SourceDate "2021.03.31"]
[SourceVersion "1"]
[SourceVersionDate "2021.03.31"]
[SourceQuality "1"]

1. e4 c5 2. Nf3 e6 3. d4 cxd4 4. Nxd4 Nc6 5. Nxc6 bxc6 6. Bd3 d5 7. exd5 cxd5 8. 0-0 Nf6 9. Bg5 Be7 10. Nc3 0-0 11. Re1 Rb8 12. Rb1 h6 13. Bh4 Qb6 14. Bg3 Bd6 15. Bxd6 Qxd6 16. h3 e5 17. Bf1 Bb7 18. a3 Rfe8 19. f3 Nh5 20. Qe2 Nf4 21. Qf2 Qg6 22. Kh2 f5 23. g4 fxg4 24. fxg4 d4 25. Ne2 Nd5 26. Bg2 Ne3 27. Bxb7 Rxb7 28. Ng3 Rf7 29. Qe2 Qxc2 30. Qxc2 Nxc2 31. Rec1 Ne3 32. Kg1 Rf3 33. Kh2 Rf2+ 34. Kg1 Rg2+ 35. Kh1 Rxg3 36. Rc7 Rxh3+ 37. Kg1 Rg3+ 38. Kh2 Rxg4 39. Rxa7 Rf8 40. Rg1 Rf2+ 41. Kh1 Rh4# 0-1

[Event "Bethune op 32th"]
[Site "Bethune"]
[Date "2011.12.26"]
[Round "1"]
[White "Delfosse, Jean Michel"]
[Black "De Block, Yordi"]
[Result "1/2-1/2"]
[WhiteElo "1785"]
[BlackElo "1709"]
[PlyCount "66"]
[EventDate "2011.12.26"]
[EventType "swiss"]
[EventRounds "9"]
[EventCountry "FRA"]
[SourceTitle "EXT 2014"]
[Source "ChessBase"]
[SourceDate "2013.11.20"]
[SourceVersion "1"]
[SourceVersionDate "2013.11.20"]
[SourceQuality "1"]

1. e4 c6 2. d4 d5 3. Nc3 dxe4 4. Nxe4 Nf6 5. Nxf6+ gxf6 6. Be3 Qd5 7. Nf3 Rg8 8. g3 Bg4 9. Bg2 Nd7 10. h3 Bh5 11. g4 Bg6 12. Nh4 Be4 13. c4 Qe6 14. Bxe4 Qxe4 15. Qf3 Qxf3 16. Nxf3 Nb6 17. b3 0-0-0 18. 0-0-0 e6 19. a4 Bb4 20. Rhg1 Nd7 21. Kc2 b6 22. h4 c5 23. d5 e5 24. h5 e4 25. Nh4 Ne5 26. Nf5 Rd7 27. Nh6 Re8 28. Nf5 Nf3 29. Rg3 Ne1+ 30. Kb2 Nd3+ 31. Kc2 Ne1+ 32. Kb2 Nd3+ 33. Kc2 Ne1+ 1/2-1/2